00349nam a22001217a 4500082002700000100002600027245004500053260003000098300001700128526003700145526003700182650000800219 a621.56bTAHcL-25, P-4 aMuhammad Younis Tahir aModern refrigeration wa air conditioning aLahorebTahir publishers. a391 p.bill. a0b0c0d621_560000000000000_TAH a0b0c0d621_560000000000000_TAH aMCE